<?xml version="1.0" encoding="UTF-8"?>
<marc:record xmlns:marc="http://www.loc.gov/MARC21/slim">
   <marc:leader>00000nam a2200000 a 4500</marc:leader>
   <marc:datafield ind1="1" ind2=" " tag="100">
      <marc:subfield code="a">Wilson, Jonathan</marc:subfield>
      <marc:subfield code="4">aut</marc:subfield>
      <marc:subfield code="e">Verfasser/-in</marc:subfield>
   </marc:datafield>
   <marc:datafield ind1="1" ind2=" " tag="100">
      <marc:subfield code="a">Morgan, Peter</marc:subfield>
      <marc:subfield code="4">aut</marc:subfield>
      <marc:subfield code="e">Verfasser/-in</marc:subfield>
   </marc:datafield>
   <marc:datafield ind1="1" ind2=" " tag="100">
      <marc:subfield code="a">Manville, Lesley</marc:subfield>
   </marc:datafield>
   <marc:datafield ind1="1" ind2=" " tag="100">
      <marc:subfield code="a">Pryce, Jonathan</marc:subfield>
   </marc:datafield>
   <marc:datafield ind1="1" ind2=" " tag="100">
      <marc:subfield code="a">Staunton, Imelda</marc:subfield>
   </marc:datafield>
   <marc:datafield ind1=" " ind2=" " tag="653">
      <marc:subfield code="a">England</marc:subfield>
   </marc:datafield>
   <marc:datafield ind1=" " ind2=" " tag="653">
      <marc:subfield code="a">London</marc:subfield>
   </marc:datafield>
   <marc:datafield ind1=" " ind2=" " tag="653">
      <marc:subfield code="a">Serie DVD</marc:subfield>
   </marc:datafield>
   <marc:datafield ind1=" " ind2=" " tag="653">
      <marc:subfield code="a">Vereinigtes Königreich</marc:subfield>
   </marc:datafield>
   <marc:datafield ind1="0" ind2="0" tag="245">
      <marc:subfield code="a">The Crown - Staffel 06</marc:subfield>
   </marc:datafield>
   <marc:datafield ind1=" " ind2="1" tag="264">
      <marc:subfield code="a">[Culver City]</marc:subfield>
      <marc:subfield code="b">Sony Pictures Home Entertainment Inc.</marc:subfield>
      <marc:subfield code="c">2024</marc:subfield>
   </marc:datafield>
   <marc:datafield ind1="1" ind2=" " tag="520">
      <marc:subfield code="a">In der letzten Staffel der bahnbrechenden Serie blüht eine Beziehung zwischen Prinzessin Diana und Dodi Al-Fayed auf, bevor eine schicksalhafte Autofahrt verheerende Folgen hat. Prinz William versucht, nach dem Tod seiner Mutter wieder in das Leben in Eton zurückzufinden, während sich die Monarchie der öffentlichen Meinung stellen muss. Als sie ihr Goldenes Thronjubiläum erreicht, denkt die Königin über die Zukunft der Monarchie nach und wie sich die Hochzeit von Charles und Camilla und die Anfänge des neuen königlichen Märchens rund um William und Kate auswirken werden.</marc:subfield>
   </marc:datafield>
   <marc:datafield ind1="3" ind2=" " tag="024">
      <marc:subfield code="a">4020628575014</marc:subfield>
   </marc:datafield>
   <marc:datafield ind1=" " ind2=" " tag="300">
      <marc:subfield code="a">4 DVD´s ; ca.510 Minuten</marc:subfield>
   </marc:datafield>
</marc:record>
